000
00340nam a2200133Ia 4500
008
160319s9999 xx 000 0 und d
245
_a
Disney's Magic english /
300
_a
1 video disc :
300
_b
sound, colored ;
300
_c
4 3/4 in.
440
_v
vol. 9 & 10
650
_a
Discovering Animals.
650
_a
Welcoming Words.
999
_c
292734
_d
292734